LDR 00755naa#a2200193#i#450# 001 EN\\bibl\122188 005 20260430055709.4 011 ## _a2074-1626 100 ## _a20260416b2026####ek#y0engy0150####ca 102 ## _aRU 200 1# _aIMPROVEMENT OF LABOR LEGISLATION IN THE SPHERE OF PROTECTING THE RIGHTS OF CITIZENS FROM UNEMPLOYMENT WHEN CHANGING ORGANIZATIONAL AND TECHNOLOGICAL WORKING CONDITIONS _eJournal article 210 1# _aSaint-Petersburg _cSaint-Petersburg University of State Fire Service of Emercom of Russia _d2026 215 ## _a6 с. 608 ## _aJournal article _2local 675 ## _aТрудовое право. 349.2 _z 700 #1 _aTrapeznikova _gMarina M. 700 #1 _aShart _gOl'ga Alekseevna 700 #1 _aYashenkov _gArtem P. 856 4# _ajournals.igps.ru _u